<?xml version="1.0" encoding="UTF-8"?>
<collection xmlns="http://www.loc.gov/MARC21/slim">
  <record>
    <leader>00000nam  2200000   4500</leader>
    <controlfield tag="001">INLIS000000000020437</controlfield>
    <controlfield tag="005">20250623114920</controlfield>
    <datafield tag="035" ind1="#" ind2="#">
      <subfield code="a">0010-0625000179</subfield>
    </datafield>
    <controlfield tag="007">ta</controlfield>
    <controlfield tag="008">250623################|##########|#|##</controlfield>
    <datafield tag="084" ind1="#" ind2="#">
      <subfield code="a">R 130 PKN II 2023</subfield>
    </datafield>
    <datafield tag="100" ind1=" " ind2="#">
      <subfield code="a">Roland Yudhistira</subfield>
    </datafield>
    <datafield tag="245" ind1="1" ind2="#">
      <subfield code="a">Strategi Manajemen Pelayanan Publik Dengan Transformasi Digital “SI Pede Mas” Di Sekretariat DPRD Kabupaten Kepahiang /</subfield>
      <subfield code="c">Roland Yudhistira</subfield>
    </datafield>
    <datafield tag="260" ind1="#" ind2="#">
      <subfield code="a">Jakarta :</subfield>
      <subfield code="b">Pusbangkom Pimnas dan Manajerial ASN,</subfield>
      <subfield code="c">2023</subfield>
    </datafield>
    <datafield tag="300" ind1="#" ind2="#">
      <subfield code="a">108 hlm. ;</subfield>
      <subfield code="c">30 cm</subfield>
    </datafield>
    <datafield tag="650" ind1="#" ind2="4">
      <subfield code="a">Manajemen Pelayanan Publik</subfield>
    </datafield>
    <datafield tag="650" ind1="#" ind2="4">
      <subfield code="a">Digitalisasi</subfield>
    </datafield>
    <datafield tag="520" ind1="#" ind2="#">
      <subfield code="a">Si PEDE MAS ini sebuah sistem aplikasi yang dibangun sebagai salah satu wadah bagi masyarakat untuk menyampaikan pengaduan masyarakat dan aspirasinya kepada 25 orang anggota DPRD Kabupaten Kepahiang secara online. Aplikasi ini nantinya akan tersedia secara langsung pada platform penyedia aplikasi melalui perangkat android maupun komputer dan nantinya akan diakses pada website resmi DPRD Kabupaten Kepahiang yang menjadi salah satu fitur yang secara langsung terkoneksi.</subfield>
    </datafield>
    <datafield tag="990" ind1="#" ind2="#">
      <subfield code="a">2407130</subfield>
    </datafield>
  </record>
</collection>
